000
00226nam a22000857a 4500
008
160909b xxu||||| |||| 00| 0 eng d
100
_9
342
_a
Aggarwal R.S
245
_a
Mathematics-VIII
260
_a
New Delhi
_b
Bharati publication
_c
2009
999
_c
3002
_d
3002